| Tag |
First Indicator |
Second Indicator |
Subfields |
| LEADER |
00000cem a2200000Ia 4500 |
| 001 |
in00002467696 |
| 005 |
20151111041943.0 |
| 007 |
aj canzn |
| 008 |
090709s2008 vauag cc a f 1 eng d |
| 020 |
|
|
|a 1411323696
|
| 020 |
|
|
|a 9781411323698
|
| 034 |
1 |
|
|a a
|b 100000
|d W1120000
|e W1110000
|f N0320000
|g N0313000
|
| 035 |
|
|
|a (OCoLC)ocn423385809
|
| 035 |
|
|
|a (OCoLC)423385809
|
| 040 |
|
|
|a GPO
|c GPO
|d MvI
|d UtOrBLW
|
| 043 |
|
|
|a n-us-az
|
| 049 |
|
|
|a UDOC
|
| 052 |
|
|
|a 4331
|
| 074 |
|
|
|a 0619-G-16
|
| 086 |
0 |
|
|a I 53.11/4:31111-E 1-TM-100/2008
|
| 110 |
1 |
|
|a United States.
|b Bureau of Land Management.
|
| 245 |
1 |
0 |
|a Arizona :
|b Sells : 1:100,000-scale topographic map : 30 X 60 minute series (topographic) /
|c edited and produced by the Bureau of Land Management, National Operations Center in cooperation with the Bureau ... Arizona State Office.
|
| 246 |
1 |
|
|i Filing title:
|a Sells, Arizona
|
| 250 |
|
|
|a BLM 2008.
|
| 255 |
|
|
|a Scale 1:100,000. 1 cm. on the map represents 1 km. on the ground ;
|b Lambert conformal conic proj.
|c (W 112⁰00ʹ--W 111⁰00ʹ/N 32⁰00ʹ--N 31⁰30ʹ).
|
| 264 |
|
1 |
|a Reston, Va. :
|b U.S. Dept. of the Interior, Bureau of Land Management ;
|a Denver, CO :
|b U.S. Geological Survey,
|c 2008.
|
| 264 |
|
2 |
|a Phoenix, AZ :
|b For sale by BLM Arizona State Office ;
|
| 300 |
|
|
|a 1 map :
|b color ;
|c 55 x 90 cm.
|
| 336 |
|
|
|a cartographic image
|b cri
|2 rdacontent
|
| 337 |
|
|
|a unmediated
|b n
|2 rdamedia
|
| 338 |
|
|
|a sheet
|b nb
|2 rdacarrier
|
| 490 |
1 |
|
|a Surface management status
|
| 500 |
|
|
|a Relief shown by contours and spot heights.
|
| 500 |
|
|
|a Shows township and range lines.
|
| 500 |
|
|
|a USGS base map dated 1994.
|
| 500 |
|
|
|a Includes location map, township diagram, and indexes to adjoining maps and to 1:24,000-scale maps.
|
| 500 |
|
|
|a Designed to be folded to 23 x 11 cm.
|
| 500 |
|
|
|a Cartographic material.
|
| 650 |
|
0 |
|a Land use, Rural
|z Arizona
|v Maps.
|
| 651 |
|
0 |
|a Arizona
|v Maps.
|
| 710 |
2 |
|
|a National Operations Center (U.S.)
|
| 710 |
1 |
|
|a United States.
|b Bureau of Land Management.
|b Arizona State Office.
|
| 710 |
2 |
|
|a Geological Survey (U.S.)
|
| 810 |
1 |
|
|a United States.
|b Bureau of Land Management.
|t Surface-minerals management status.
|
| 999 |
|
|
|a MARS
|
| 999 |
f |
f |
|s c15962c5-e35a-3b33-be17-eb2be6e7873b
|i 8a641bb0-e6b5-3418-a7d7-27a772bc0323
|t 0
|
| 952 |
f |
f |
|p normal
|a Texas A&M University
|b College Station
|c Sterling C. Evans Library
|d Evans: Maps (2nd floor)
|t 0
|e G3701.G5 s100 .U5 Sells, AZ (SM) 2008
|h Library of Congress classification
|i unmediated -- sheet
|m A14829674873
|
| 998 |
f |
f |
|a G3701.G5 s100 .U5 Sells, AZ (SM) 2008
|t 0
|l Evans: Maps (2nd floor)
|